Polskie miasta według opisu od ChataGPT #2 - Statystyki

Ogólne statystyki
  • Ten quiz został rozwiązany 23 razy
  • Średni wynik to 8 z 20
Statystyki odpowiedzi
Opis Miasto % Poprawnych
Miejsce u podnóża gór, gdzie zimą królują narty, a latem zapach oscypków i gwar turystów. Zakopane
100%
Miasto uniwersyteckie, z bogatą historią i atmosferą nauki, pełne młodych ludzi z całego kraju. Poznań
84%
Miasto na wyspie, otoczone wodą i mostami, gdzie morze spotyka się z portowym życiem i wakacyjnym luzem. Świnoujście
84%
Przemysłowe miasto z tradycją włókienniczą, dziś pełne loftów, murali i nowoczesnych galerii. Łódź
79%
Zielone miasto z trasami rowerowymi i starym młynem nad rzeką, które stawia na ekologię. Zielona Góra
79%
Miasto na Dolnym Śląsku, z pięknym dworcem, mostami i śladami dawnego górnictwa. Wałbrzych
63%
Dawna stolica regionu, słynna z cebularzy, renesansowych kościołów i spokojnego rytmu życia. Chełm
58%
Miasteczko z tradycją wydobycia soli i pięknymi kapliczkami, ukrytymi w ziemi i nad ziemią. Bochnia
53%
Miasto, które dynamicznie się rozbudowuje, łącząc przemysł z nowoczesnymi osiedlami. Legnica
37%
Nadjeziorne miasto z mariną, promenadą i latem pełne żaglówek oraz letników. Mikołajki
37%
Miejsce z pięknym zamkiem na wzgórzu i widokiem na rzekę, w którym historia spotyka się z kulturą. Kazimierz Dolny
32%
Urokliwe miasteczko z kolorowymi kamienicami i rynkiem, gdzie czas płynie wolniej. Sandomierz
26%
Miasto z najstarszymi zegarami w Polsce, pełne zabytków i klimatycznych zaułków. Kalisz
21%
Miasto z renesansowym rynkiem, urokliwymi kamienicami i rzeką przepływającą przez centrum. Przemyśl
21%
Miasto sztuki ulicznej, z festiwalami, graffiti i dawnymi fabrykami zmienionymi w galerie. Cieszyn
16%
Miejsce położone wśród pól i wzgórz, znane z lokalnych winnic i przyjaznych mieszkańców. Jasło
11%
Miasto o średniowiecznym układzie urbanistycznym, z rynkiem, murami i charakterystyczną basztą. Paczków
11%
Miasto z zabytkową synagogą i spokojnym, historycznym klimatem dawnego pogranicza kultur. Tykocin
11%
Położone na wzgórzach, z widokiem na dolinę, słynie z zabytkowych kopalń i surowego, górskiego klimatu. Nowa Ruda
5%
Ciche, pełne zieleni miasteczko na wschodzie, z pięknym klasztorem i bogatą tradycją religijną. Krasnystaw
0%
Nie znaleziono quizów pasujących do podanych kryteriów
Rozkład punktacji
Procent ludzi z każdym wynikiem
Percentyl według liczby udzielonych odpowiedzi
Twoja historia wyników
Nie rozwiązałeś tego quizu